Principios de histología y embriología bucal con orientación clinica / (Registro nro. 1160)

Detalles MARC
000 -CABECERA
campo de control de longitud fija 01181nam a2200241Ia 4500
003 - IDENTIFICADOR DEL NÚMERO DE CONTROL
campo de control AR-RoIUNI
005 - FECHA Y HORA DE LA ÚLTIMA TRANSACCIÓN
campo de control 20241122062907.0
007 - CAMPO FIJO DE DESCRIPCIÓN FÍSICA--INFORMACIÓN GENERAL
campo de control de longitud fija ta
008 - DATOS DE LONGITUD FIJA--INFORMACIÓN GENERAL
campo de control de longitud fija 150616s2007 sp r 000 1 spa d
020 ## - NÚMERO INTERNACIONAL ESTÁNDAR DEL LIBRO
Número Internacional Estándar del Libro 9788481749892
040 ## - FUENTE DE LA CATALOGACIÓN
Centro/agencia transcriptor AR-RoIUNI
080 ## - NÚMERO DE LA CLASIFICACIÓN DECIMAL UNIVERSAL
Número de la Clasificación Decimal Universal 611.31
100 1# - ENTRADA PRINCIPAL--NOMBRE DE PERSONA
Nombre de persona Avery, James K.
245 10 - MENCIÓN DE TÍTULO
Título Principios de histología y embriología bucal con orientación clinica /
Mención de responsabilidad, etc. James K. Avery, Daniel L. Chiego, Jr.
250 ## - MENCIÓN DE EDICIÓN
Mención de edición 3a. ed.
260 ## - PUBLICACIÓN, DISTRIBUCIÓN, ETC. (PIE DE IMPRENTA)
Lugar de publicación, distribución, etc. Madrid :
Nombre del editor, distribuidor, etc. Elsevier,
Fecha de publicación, distribución, etc. c2007
300 ## - DESCRIPCIÓN FÍSICA
Extensión 242 p. ;
Dimensiones 27cm
505 0# - NOTA DE CONTENIDO CON FORMATO
Nota de contenido con formato 1. Desarrollo y estructura de las células y tejidos -- 2. Estructura y función de las células, tejidos y órganos -- 3. Desarrollo de la región orofacial -- 4. Desarrollo de la cara y paladar -- 5. Desarrollo de los dientes -- 6. Erupción y caída de los dientes -- 7. Esmalte -- 8. Dentina -- 9. Pulpa dental -- 10. Cemento -- 11. Periodonto: ligamento periodontal -- 12. Periodonto: apófisis alveolar y cemento -- 13. Articulación temporomandibular -- 14. Mucosa bucal -- 15. Glándulas salivares y tonsilas -- 16. Biofilms.
650 #0 - PUNTO DE ACCESO ADICIONAL DE MATERIA--TÉRMINO DE MATERIA
Término de materia o nombre geográfico como elemento inicial Odontología
9 (RLIN) 546
650 #0 - PUNTO DE ACCESO ADICIONAL DE MATERIA--TÉRMINO DE MATERIA
Término de materia o nombre geográfico como elemento inicial Histología
9 (RLIN) 61
700 1# - PUNTO DE ACCESO ADICIONAL--NOMBRE DE PERSONA
Nombre de persona Chiego, Daniel, J.
942 ## - ELEMENTOS DE PUNTO DE ACCESO ADICIONAL (KOHA)
Tipo de ítem Koha Libros
Fuente del sistema de clasificación o colocación Clasificación Decimal Universal
Existencias
Estado de retiro Estado de pérdida Fuente del sistema de clasificación o colocación Estado dañado Excepción de préstamo Código de colección Localización permanente Ubicación/localización actual Ubicación en estantería Fecha de adquisición Número de inventario Total de préstamos Renovaciones totales Signatura topográfica completa Código de barras Fecha visto por última vez Fecha del último préstamo Precio válido a partir de Tipo de ítem Koha
    Clasificación Decimal Universal     Odontología BIBLIOTECA RIOBAMBA BIBLIOTECA RIOBAMBA BIBLIOTECA RIOBAMBA 16/06/2015 1161 15 8 611.31 AVE 1161 22/10/2025 08/05/2025 16/06/2015 Libros